=LDR 00000nam 2200000 4500 =001 INLIS000000000038513 =005 20141023103145.0 =006 =007 =008 Ind =035 ##$$a 0010-061300000038513 =041 ##$$a Ind =082 ##$$a 641.8 =090 ##$$a 641.8, Bro a =100 ##$$a Brotojoyo, Linda Carolina =245 ##$$a All about chokolate, Linda Carolina Brotodjojo; Editor, Intarina Hardiman =260 ##$$a 2008 $b Jakarta =300 ##$$a 64 hlm, Ilus, 17 x 21 cm =650 ##$$a Kue Chocolate =700 ##$$a Hardiman, Intarina =850 ##$$a NBPNMAT =990 ##$$a 87378737 =990 ##$$a 01201708737 =990 ##$$a 0001/BPAP-NTB/20142014